000 00584nam a2200229Ia 4500
003 OSt
005 20220924152038.0
006 a|||||r|||| 00| 0
007 ta
008 220923b |||||||| |||| 00| 0 tel d
024 _a340540
037 _cTextual
040 _aARTS
_cARTS
_btel
041 _2tel
_atel
082 _aO155,3N031,11, K1
100 _aBokil V.V.
_9225659
245 0 _aPathankot express
260 _c1961
650 _aMARATHI LITERATURE
_938000
942 _hO155,3N031,11, K1
_cTEXL
_2CC
999 _c468499
_d468499